| 000 | 01052nas a2200373 4500 | ||
|---|---|---|---|
| 001 | BR0501676 | ||
| 003 | BR-BrBNA | ||
| 005 | 20231205105254.0 | ||
| 007 | ta | ||
| 008 | 230509b bl.|||p| |||| 00| 00por d | ||
| 040 |
_aBR-BrBNA _bpor _cBiblioteca Nacional de Agricultura |
||
| 041 | _a(Pt) | ||
| 072 | _aF04 | ||
| 100 | 1 | _aOliveira, A.P. de | |
| 100 | 1 | _aAlves, E.U. | |
| 100 | 1 | _aAlves, A.U. | |
| 100 | 1 | _aDornelas, C.S.M. | |
| 100 | 1 | _aSilva, J.A. da | |
| 100 | 1 | _aPôrto, M.L. | |
| 100 | 1 | _aAlves, A.V. | |
| 245 | 1 | _aProdução de feijão-fava em função do uso de doses de fósforo | |
| 650 | _aFEIJÃO FAVA | ||
| 650 | _aPHASEOLUS LUNATUS | ||
| 650 | _aGRÃO | ||
| 650 | _aADUBAÇÃO | ||
| 650 | _aFERTILIZANTE FOSFATADO | ||
| 650 | _aDOSE | ||
| 650 | _aRESPOSTA DA PLANTA | ||
| 650 | _aCUSTO DE PRODUÇÃO | ||
| 650 | _aPARAÍBA | ||
| 773 | 0 |
_tHorticultura Brasileira (Brazil) _xISSN 0102-0536 _g(Jul-Sep 2004), v. 22(3) p. 543-546 _wBR0501676 |
|
| 909 |
_a202311 _bLúcia _c55 _dLúcia Elande |
||
| 942 |
_2AGRIS _n0 _cANA |
||
| 999 |
_c182122 _d182122 |
||